000
00316nam a2200133Ia 4500
005
20251222144733.0
008
251222s9999||||xx |||||||||||||| ||spa||
020
_a
2-902308-07-8
082
_a
708.44/T78
100
_a
Traquandi, Gérard
245
0
_a
Musée Cantini-Marseilli
264
_b
Marseille
942
_c
LIB
999
_c
18660
_d
18660